[Event "Jubilee Tourney #1000"]
[Site "SchemingMind.com"]
[Date "2006.11.23"]
[Round "-"]
[White "Joe Hayden"]
[Black "Ashmaster"]
[Result "1-0"]
[WhiteCountry "IRL"]
[BlackCountry "IRL"]
[WhiteElo "1786"]
[WhiteRD "75"]
[BlackElo "1459"]
[BlackRD "68"]
[GameID "78267"]

1. e4 c5 2. Nf3 d6 3. d4 cxd4 4. Nxd4 Nf6 5. Nc3 a6 6. Be3 e6 7. Bd3 Be7 8. O-O O-O 9. f4 Qc7 10. g4 b5
11. g5 Nfd7 12. e5 dxe5 13. Nxe6 fxe6 14. Qh5 Rf5 15. Bxf5 exf5 16. Qe8+ Bf8 17. Nd5 Qd6 18. Rad1 Qe7 19. Nxe7+ Kh8 20. Rf3 Bb7
21. Ng6+ hxg6 22. Rh3+ Kg8 23. Qe6#
1-0

[Event "Jubilee Tourney #1000"]
[Site "SchemingMind.com"]
[Date "2006.12.10"]
[Round "-"]
[White "GrischukFan"]
[Black "ekulrac"]
[Result "1-0"]
[WhiteCountry "GER"]
[BlackCountry "SCO"]
[WhiteElo "2138"]
[WhiteRD "96"]
[BlackElo "1711"]
[BlackRD "53"]
[GameID "81310"]

1. e4 Nc6 2. Nf3 e5 3. Bb5 a6 4. Ba4 Nf6 5. O-O b5 6. Bb3 Be7 7. Re1 d6 8. c3 Na5 9. Bc2 c5 10. d4 Qc7
11. Nbd2 h6 12. Nf1 O-O 13. Ne3 Nc4 14. Nxc4 bxc4 15. d5 Nh7 16. Nd2 f5 17. exf5 Bxf5 18. Nxc4 Rab8 19. Bxf5 Rxf5 20. Qg4 Rf6
21. b3 g5 22. Ne3 Rbf8 23. f3 Qc8 24. Bb2 Qxg4 25. fxg4 Rf2 26. Rab1 R2f7 27. Nf5 Kh8 28. Nxh6 Rf4 29. Nf5 Rf7 30. c4 Bf8
31. h3 Nf6 32. Bc1 Re4 33. Bxg5 Rxe1+ 34. Rxe1
1-0

[Event "Jubilee Tourney #1000"]
[Site "SchemingMind.com"]
[Date "2006.12.10"]
[Round "-"]
[White "ekulrac"]
[Black "GrischukFan"]
[Result "0-1"]
[WhiteCountry "SCO"]
[BlackCountry "GER"]
[WhiteElo "1702"]
[WhiteRD "59"]
[BlackElo "2149"]
[BlackRD "99"]
[GameID "81321"]

1. e4 c5 2. Nf3 d6 3. d4 cxd4 4. Nxd4 Nf6 5. Nc3 a6 6. Be2 e6 7. Be3 Be7 8. O-O Nc6 9. Rb1 Qc7 10. f4 O-O
11. g4 Nxd4 12. Bxd4 b5 13. g5 Nd7 14. Bf2 b4 15. Na4 Bb7 16. Bf3 d5 17. exd5 Qxf4 18. Bg3 Qxg5 19. d6 Bxf3 20. Qxf3 Bxd6
0-1

[Event "Jubilee Tourney #1000"]
[Site "SchemingMind.com"]
[Date "2007.01.10"]
[Round "-"]
[White "Ilang"]
[Black "Joe Hayden"]
[Result "1-0"]
[WhiteCountry "HUN"]
[BlackCountry "IRL"]
[WhiteElo "2257"]
[WhiteRD "66"]
[BlackElo "1798"]
[BlackRD "78"]
[GameID "86370"]

1. e4 c5 2. c3 e6 3. d4 d5 4. exd5 Qxd5 5. Na3 cxd4 6. Nb5 Qe5+ 7. Qe2 Qxe2+ 8. Nxe2 Na6 9. Nexd4 Bd7 10. Bf4 Nf6
11. Be2 Bc5 12. O-O-O O-O 13. Bf3 Bxd4 14. Nxd4 Nc5 15. Bd6 Rfc8 16. Rhe1 g5 17. Re5 g4 18. Rg5+
1-0

[Event "Jubilee Tourney #1000"]
[Site "SchemingMind.com"]
[Date "2007.01.10"]
[Round "-"]
[White "Joe Hayden"]
[Black "Ilang"]
[Result "0-1"]
[WhiteCountry "IRL"]
[BlackCountry "HUN"]
[WhiteElo "1798"]
[WhiteRD "78"]
[BlackElo "2257"]
[BlackRD "66"]
[GameID "86375"]

1. d4 d5 2. c4 c6 3. c5 e5 4. e3 e4 5. Ne2 b6 6. b4 a5 7. a3 axb4 8. cxb6 Qxb6 9. Qb3 Nf6 10. Ng3 Nbd7
11. Bb2 bxa3 12. Qxb6 Nxb6 13. Nxa3 Bb4+ 14. Kd1 Ng4 15. Kc2 Nxf2 16. Rg1 Ng4
0-1

[Event "Jubilee Tourney #1000"]
[Site "SchemingMind.com"]
[Date "2007.01.17"]
[Round "-"]
[White "Masticore99"]
[Black "BlueMooner"]
[Result "0-1"]
[WhiteCountry "USA"]
[BlackCountry "ENG"]
[WhiteElo "1611"]
[WhiteRD "79"]
[BlackElo "1889"]
[BlackRD "84"]
[GameID "87407"]

1. e4 c5 2. Nf3 d6 3. d4 cxd4 4. Nxd4 Nf6 5. Nc3 a6 6. Be3 e6 7. Bd3 b5 8. Qf3 Bb7 9. O-O-O Qc7 10. Bg5 Be7
11. Qg3 b4 12. Nce2 Nbd7 13. f4 Nc5 14. Bxf6 Nxd3+ 15. Rxd3 Bxf6 16. Re3 e5 17. Nf5 Rc8 18. c3 bxc3 19. Rxc3 exf4 20. Rxc7 Rxc7+
21. Kb1 Bxe4+
0-1

[Event "Jubilee Tourney #1000"]
[Site "SchemingMind.com"]
[Date "2007.01.17"]
[Round "-"]
[White "BlueMooner"]
[Black "Masticore99"]
[Result "1-0"]
[WhiteCountry "ENG"]
[BlackCountry "USA"]
[WhiteElo "2001"]
[WhiteRD "90"]
[BlackElo "1644"]
[BlackRD "78"]
[GameID "87410"]

1. e4 c5 2. Nf3 d6 3. d4 cxd4 4. Nxd4 Nc6 5. Nc3 Nf6 6. Bc4 g6 7. Nxc6 bxc6 8. e5 Ng4 9. Bf4 Bg7 10. exd6 Qb6
11. O-O Bd4 12. Qf3 Nxf2 13. Be3 Bf5 14. Bxd4 Qxd4 15. Qxc6+
1-0

[Event "Jubilee Tourney #1000"]
[Site "SchemingMind.com"]
[Date "2007.01.19"]
[Round "-"]
[White "GrischukFan"]
[Black "Ilang"]
[Result "1-0"]
[WhiteCountry "GER"]
[BlackCountry "HUN"]
[WhiteElo "2170"]
[WhiteRD "98"]
[BlackElo "2236"]
[BlackRD "70"]
[GameID "87745"]

1. e4 e5 2. Nf3 Nc6 3. Bb5 a6 4. Ba4 Nf6 5. O-O Be7 6. Re1 b5 7. Bb3 d6 8. c3 O-O 9. h3 Na5 10. Bc2 c5
11. d4 Qc7 12. Nbd2 cxd4 13. cxd4 Bd7 14. Nf1 Rac8 15. Ne3 Rfe8 16. b3 Nc6 17. Bb2 Bf8 18. Rc1 Nxd4 19. Nxd4 exd4 20. Bxd4 Qd8
21. Qf3 Be6 22. Rcd1 Nd7 23. Qg3 f6 24. Bb1 Ne5 25. Nd5 Kh8= 26. Bb2 Bf7 27. Re3 Rc5 28. f4 Nd7 29. Qh4 h6 30. Bd4 Rc8
31. Rg3 Be7 32. Qg4 Bf8 33. Qf5 Bg8= 34. Kh2 Bh7 35. Qg4 Rc6 36. Qh5 Rc8 37. e5 fxe5 38. Bxh7 Kxh7 39. fxe5 Nxe5 40. Rf1 Kh8
41. Nf4 Qd7 42. Ng6+
1-0

[Event "Jubilee Tourney #1000"]
[Site "SchemingMind.com"]
[Date "2007.01.19"]
[Round "-"]
[White "Ilang"]
[Black "GrischukFan"]
[Result "1/2-1/2"]
[WhiteCountry "HUN"]
[BlackCountry "GER"]
[WhiteElo "2257"]
[WhiteRD "66"]
[BlackElo "2138"]
[BlackRD "96"]
[GameID "87747"]

1. e4 c5 2. c3 d5 3. exd5 Qxd5 4. d4 Nf6 5. Be3 Bg4 6. f3 cxd4 7. cxd4 Bd7 8. Nc3 Qa5 9. Bc4 e6 10. Ne2 Bd6
11. Bb3 O-O 12. O-O Bc6 13. Qe1 Nbd7 14. Rc1 Nb6 15. Ne4 Qxe1 16. Nxf6+ gxf6 17. Rfxe1=
1/2-1/2

[Event "Jubilee Tourney #1000"]
[Site "SchemingMind.com"]
[Date "2007.03.06"]
[Round "-"]
[White "Ursus"]
[Black "spoke"]
[Result "1-0"]
[WhiteCountry "INT"]
[BlackCountry "GER"]
[WhiteElo "1707"]
[WhiteRD "73"]
[BlackElo "1742"]
[BlackRD "57"]
[GameID "94924"]

1. d4 d5 2. c4 e6 3. Nc3 Nf6 4. Nf3 c6 5. Bg5 dxc4 6. e4 b5 7. e5 h6 8. Bh4 g5 9. Nxg5 hxg5 10. Bxg5 Nbd7
11. exf6 Bb4 12. Qf3 Qb6 13. Be3 Bb7 14. Qg4 O-O-O 15. Qf4 Qa5 16. Bd2 Bxc3 17. Bxc3 b4 18. Bd2 c3 19. bxc3 bxc3 20. Be3 Rh5
21. g4 e5 22. Qg3 exd4 23. gxh5 dxe3 24. Qxe3 Nxf6 25. Bh3+ Kb8 26. Qf4+ Ka8 27. O-O Rg8+ 28. Bg2 c5 29. f3 Nd5 30. Qxf7 Rxg2+
31. Kxg2 Ne3+ 32. Kf2
1-0

[Event "Jubilee Tourney #1000"]
[Site "SchemingMind.com"]
[Date "2007.03.04"]
[Round "-"]
[White "fishofchaos"]
[Black "reptile"]
[Result "0-1"]
[WhiteCountry "ENG"]
[BlackCountry "ISR"]
[WhiteElo "1681"]
[WhiteRD "55"]
[BlackElo "1958"]
[BlackRD "76"]
[GameID "94925"]

1. d4 Nf6 2. c4 c5 3. d5 b5 4. cxb5 a6 5. bxa6 Bxa6 6. Nc3 d6 7. Nf3 g6 8. g3 Bg7 9. Bg2 Nbd7 10. O-O O-O
11. Re1 Qc7 12. Qc2 Rfb8 13. e4 Ng4 14. h3 Nge5 15. Rd1 Nxf3+ 16. Bxf3 Ne5 17. Be2 Bxe2 18. Qxe2 c4 19. Qc2 Qb7 20. a3 Nd3
21. Rb1 Qb3 22. Rd2 Bxc3 23. Qxb3 Rxb3 24. Rc2 Nxc1 25. Rcxc1 Rxb2 26. Rxb2 Bxb2 27. Rxc4 Rxa3 28. Rc7 Bf6 29. Kg2 h5 30. h4 Kg7
31. Rc2 g5 32. hxg5 Bxg5 33. Re2 Kg6 34. f4 Bf6 35. Kh3 h4 36. Rg2 Kh5
0-1

[Event "Jubilee Tourney #1000"]
[Site "SchemingMind.com"]
[Date "2007.03.05"]
[Round "-"]
[White "spoke"]
[Black "Ursus"]
[Result "0-1"]
[WhiteCountry "GER"]
[BlackCountry "INT"]
[WhiteElo "1742"]
[WhiteRD "57"]
[BlackElo "1707"]
[BlackRD "73"]
[GameID "94932"]

1. e4 e5 2. Nf3 Nc6 3. Bc4 Be7 4. d4 exd4 5. c3 d6 6. cxd4 Nf6 7. Nc3 O-O 8. O-O Bg4 9. Be3 Re8 10. h3 Bh5
11. g4 Nxg4 12. hxg4 Bxg4 13. Be2 Qd7 14. d5 Bh3 15. Nh2 Bxf1 16. Qxf1 Ne5 17. Qg2 c6 18. Bh6 Ng6 19. Bg5 Bxg5 20. Qxg5 Re5
21. Qg4 Qxg4+ 22. Nxg4 Rg5 23. Kh2 cxd5 24. exd5 h5 25. Ne3 Re8 26. Rg1 Rxg1 27. Kxg1 Nf4 28. Bb5 Re5 29. Nc4 Rg5+ 30. Kf1 Nxd5
31. Nxd5 Rxd5 32. Bd7 h4 33. Kg2 g5 34. a4 Rd4 35. b3 Rd3 36. Bf5 Rxb3 37. Nxd6 Rb4 38. a5 Rb5 39. Bg4 Rxa5 40. Nxb7 Ra4
41. Be2 f5 42. Nc5 Ra5 43. Ne6 g4 44. Bc4 Kh7 45. Bd3 Kg6 46. Nf4+ Kg5 47. Ne6+ Kf6 48. Nc7 f4 49. f3 Ra2+ 50. Kg1 g3
0-1

[Event "Jubilee Tourney #1000"]
[Site "SchemingMind.com"]
[Date "2007.03.04"]
[Round "-"]
[White "reptile"]
[Black "fishofchaos"]
[Result "1-0"]
[WhiteCountry "ISR"]
[BlackCountry "ENG"]
[WhiteElo "1958"]
[WhiteRD "76"]
[BlackElo "1681"]
[BlackRD "55"]
[GameID "94933"]

1. d4 d5 2. g3 Nf6 3. Bg2 c6 4. Nf3 Bf5 5. O-O e6 6. Nbd2 Be7 7. c4 O-O 8. Qb3 Qb6 9. Qxb6 axb6 10. cxd5 exd5
11. Ne5 Na6 12. a3 c5 13. Ndf3 Nc7 14. Bg5 Ne6 15. Bxf6 Bxf6 16. Nd7 Rfd8 17. Nxf6+ gxf6 18. Rfd1 Rd7 19. Rac1 Rc8 20. Nh4 Be4
21. f3 Bg6 22. e4 Nxd4 23. Rxd4 Rcd8 24. Rxd5 Rxd5 25. exd5 Rxd5 26. Nxg6 fxg6 27. Rc2 Rd7 28. Kf1 Rc7 29. Ke2 b5 30. f4 b6
31. Ke3 b4 32. axb4 Re7+ 33. Kd3 cxb4 34. Kc4 Rc7+ 35. Kb3 Rxc2 36. Kxc2 Kf7 37. Kb3 Ke6 38. Kxb4 Kd6 39. Kb5
1-0

[Event "Jubilee Tourney #1000"]
[Site "SchemingMind.com"]
[Date "2007.03.07"]
[Round "-"]
[White "tacticrules"]
[Black "Michael788"]
[Result "0-1"]
[WhiteCountry "GER"]
[BlackCountry "SWE"]
[WhiteElo "1632"]
[WhiteRD "53"]
[BlackElo "2160"]
[BlackRD "101"]
[GameID "95352"]

1. Nf3 d5 2. d4 Nf6 3. c4 e6 4. Nc3 Be7 5. Bg5 h6 6. Bh4 O-O 7. e3 b6 8. Be2 Nc6 9. cxd5 Nxd5 10. Bxe7 Ncxe7
11. O-O Bb7 12. Rc1 Ng6 13. Bd3 Nde7 14. Qe2 Qd7 15. Rfd1 f5 16. Ne5 Nxe5 17. dxe5 Nd5 18. Nxd5 Bxd5 19. Bc4 c6 20. f3 Rad8
21. e4 fxe4 22. fxe4 Bxc4 23. Qxc4 Qxd1+ 24. Rxd1 Rxd1+
0-1

[Event "Jubilee Tourney #1000"]
[Site "SchemingMind.com"]
[Date "2007.03.08"]
[Round "-"]
[White "Michael788"]
[Black "tacticrules"]
[Result "1-0"]
[WhiteCountry "SWE"]
[BlackCountry "GER"]
[WhiteElo "2145"]
[WhiteRD "104"]
[BlackElo "1685"]
[BlackRD "51"]
[GameID "95354"]

1. d4 Nf6 2. c4 e6 3. Nc3 Bb4 4. e3 b6 5. Ne2 Bb7 6. a3 Bxc3+ 7. bxc3 O-O 8. Nf4 d5 9. cxd5 Nxd5 10. Nxd5 Bxd5
11. f3 Nd7 12. e4 Bb7 13. Bd3 c5 14. O-O Rc8 15. Rb1 h6 16. Be3 cxd4 17. cxd4 Nf6 18. Qb3 Qe7 19. Bc4 Rfd8 20. Rfc1 Nd7
21. a4 a5 22. Rb2 Rb8 23. Bf4 e5 24. dxe5 Nc5 25. Qa3 Rbc8 26. Rxb6 Qd7 27. Bb5 Qd4+ 28. Be3 Qxe5 29. Rxc5 Rd1+ 30. Bf1 Rxc5
31. Qxc5 Qa1 32. Qb5 Bc6 33. Rb8+ Kh7 34. Qf5+
1-0

[Event "Jubilee Tourney #1000"]
[Site "SchemingMind.com"]
[Date "2007.03.09"]
[Round "-"]
[White "Orange Lion"]
[Black "langhab"]
[Result "1-0"]
[WhiteCountry "NED"]
[BlackCountry "PHI"]
[WhiteElo "2272"]
[WhiteRD "75"]
[BlackElo "1721"]
[BlackRD "87"]
[GameID "95493"]

1. Nf3 Nf6 2. c4 e6 3. d4 b6 4. g3 Bb7 5. Bg2 Be7 6. O-O O-O 7. Nc3 Ne4 8. Qc2 Nxc3 9. Qxc3 d6 10. Qc2 f5
11. d5 e5 12. Rd1 Nd7 13. Bh3 g6 14. Bh6 Rf7 15. e4 fxe4 16. Nd2 Bg5 17. Bxg5 Qxg5 18. Nxe4 Qe7 19. Be6
1-0

[Event "Jubilee Tourney #1000"]
[Site "SchemingMind.com"]
[Date "2007.03.09"]
[Round "-"]
[White "langhab"]
[Black "Orange Lion"]
[Result "0-1"]
[WhiteCountry "PHI"]
[BlackCountry "NED"]
[WhiteElo "1721"]
[WhiteRD "87"]
[BlackElo "2272"]
[BlackRD "75"]
[GameID "95502"]

1. e4 e6 2. d4 d5 3. Nd2 Nf6 4. e5 Nfd7 5. Bd3 c5 6. c3 Nc6 7. Ne2 Qb6 8. Nf3 cxd4 9. cxd4 f6 10. exf6 Nxf6
11. O-O Bd6 12. Nc3 O-O 13. Be3 Bd7 14. a3 Be8 15. Rc1 Bh5 16. Na4 Qc7 17. h3 Ne4 18. g4 Bg6 19. Ng5 Nxg5 20. Bxg5 Bf4
21. Bxf4 Qxf4 22. Bxg6 Nxd4 23. Bxh7+ Kxh7 24. Kg2 Nf3 25. Rh1 Nh4+
0-1

[Event "Jubilee Tourney #1000"]
[Site "SchemingMind.com"]
[Date "2007.04.07"]
[Round "-"]
[White "Manfred Kraut"]
[Black "TONYTODD11"]
[Result "0-1"]
[WhiteCountry "GER"]
[BlackCountry "ENG"]
[WhiteElo "1294"]
[WhiteRD "70"]
[BlackElo "1507"]
[BlackRD "72"]
[GameID "100105"]

1. e4 d5 2. exd5 Qxd5 3. c4 Qe4+ 4. Be2 Nf6 5. f3 Qe5 6. Nc3 e6 7. b3 Bc5 8. Bb2 Bxg1 9. Rxg1 Qxh2 10. Kf2 Qh4+
11. g3 Qd4+ 12. Kg2 b6 13. Rb1 Bb7 14. Nb5 Qc5 15. d4 Qg5 16. Nxc7+ Kf8 17. Nxa8 Nh5 18. g4 Nf4+ 19. Kg3 h5 20. Kf2 Nh3+
21. Kg3 f5 22. Kxh3 hxg4+ 23. Kg2 Bxa8 24. Kf2 g3+ 25. Rxg3 Rh2+ 26. Ke1 Qe3 27. Qd2 Rh1+
0-1

[Event "Jubilee Tourney #1000"]
[Site "SchemingMind.com"]
[Date "2007.04.08"]
[Round "-"]
[White "TONYTODD11"]
[Black "Manfred Kraut"]
[Result "1-0"]
[WhiteCountry "ENG"]
[BlackCountry "GER"]
[WhiteElo "1481"]
[WhiteRD "78"]
[BlackElo "1270"]
[BlackRD "70"]
[GameID "100116"]

1. e4 e5 2. f4 exf4 3. Bc4 Ne7 4. Nf3 Nec6 5. d3 b6 6. Bxf4 Ba6 7. Bxf7+ Kxf7 8. O-O Bd6 9. Bg5 Be7 10. Ne5+ Kg8
11. Nf7 Qe8 12. Qf3 Bxg5 13. Nxh8 Kxh8 14. Qf8+ Qxf8 15. Rxf8#
1-0

[Event "Jubilee Tourney #1000"]
[Site "SchemingMind.com"]
[Date "2007.05.09"]
[Round "-"]
[White "Ursus"]
[Black "TONYTODD11"]
[Result "1-0"]
[WhiteCountry "INT"]
[BlackCountry "ENG"]
[WhiteElo "1707"]
[WhiteRD "74"]
[BlackElo "1507"]
[BlackRD "72"]
[GameID "104211"]

1. e4 c6 2. d4 d5 3. exd5 cxd5 4. Bd3 Nf6 5. Nc3 Qb6 6. Bf4 Qxd4 7. Bb5+ Nc6 8. Qxd4 Bd7 9. Bxc6 Bxc6 10. Nf3 e6
11. O-O Be7 12. Ne5 Bd6 13. Nxc6 Bxf4 14. Qxf4 bxc6 15. Qd6 Rc8 16. Rfe1 Rd8 17. Qxc6+ Nd7 18. Nxd5 O-O 19. Rad1 Nb8 20. Ne7+ Kh8
21. Rxd8
1-0

[Event "Jubilee Tourney #1000"]
[Site "SchemingMind.com"]
[Date "2007.05.09"]
[Round "-"]
[White "TONYTODD11"]
[Black "Ursus"]
[Result "0-1"]
[WhiteCountry "ENG"]
[BlackCountry "INT"]
[WhiteElo "1507"]
[WhiteRD "72"]
[BlackElo "1707"]
[BlackRD "74"]
[GameID "104217"]

1. e4 e5 2. f4 exf4 3. Nf3 Be7 4. Nc3 Bh4+ 5. Ke2 d5 6. Nxd5 Be6 7. Nxf4 Bg4 8. c4 Qd4 9. Qc2 Qf2+ 10. Kd3 Bxf3
11. Be2 Bxe2+ 12. Nxe2 Nc6 13. Qa4 Ne7 14. b4 O-O 15. Bb2 Rad8+ 16. Nd4 Nxd4 17. Bxd4 Rxd4+ 18. Kc3 Qxd2+
0-1

[Event "Jubilee Tourney #1000"]
[Site "SchemingMind.com"]
[Date "2007.05.14"]
[Round "-"]
[White "BlueMooner"]
[Black "Orange Lion"]
[Result "0-1"]
[WhiteCountry "ENG"]
[BlackCountry "NED"]
[WhiteElo "1876"]
[WhiteRD "90"]
[BlackElo "2245"]
[BlackRD "80"]
[GameID "104584"]

1. e4 e6 2. d4 d5 3. Nd2 Nf6 4. e5 Nfd7 5. Bd3 c5 6. c3 Nc6 7. Ne2 Qb6 8. Nf3 cxd4 9. cxd4 f6 10. exf6 Nxf6
11. b3 Bd6 12. O-O O-O
0-1

[Event "Jubilee Tourney #1000"]
[Site "SchemingMind.com"]
[Date "2007.05.13"]
[Round "-"]
[White "Orange Lion"]
[Black "BlueMooner"]
[Result "1-0"]
[WhiteCountry "NED"]
[BlackCountry "ENG"]
[WhiteElo "2245"]
[WhiteRD "80"]
[BlackElo "1876"]
[BlackRD "90"]
[GameID "104592"]

1. Nf3 d5 2. c4 d4 3. e3 Nc6 4. exd4 Nxd4 5. Nxd4 Qxd4 6. Nc3 c6 7. d3 Nh6 8. Be2 Nf5 9. g4 Nh4 10. O-O h5
11. Be3 Qd6 12. Ne4
1-0

[Event "Jubilee Tourney #1000"]
[Site "SchemingMind.com"]
[Date "2007.08.21"]
[Round "-"]
[White "Michael788"]
[Black "GrischukFan"]
[Result "0-1"]
[WhiteCountry "SWE"]
[BlackCountry "GER"]
[WhiteElo "2016"]
[WhiteRD "89"]
[BlackElo "2293"]
[BlackRD "84"]
[GameID "117336"]

1. d4 Nf6 2. c4 e6 3. Nc3 Bb4 4. Qc2 O-O 5. a3 Bxc3+ 6. Qxc3 b6 7. Bg5 Bb7 8. f3 h6 9. Bh4 d5 10. e3 Nbd7
11. Nh3 c5 12. cxd5 cxd4 13. Qxd4 e5 14. Qd1 Bxd5 15. Bb5 a6 16. Bxd7 Qxd7 17. Bxf6 gxf6 18. O-O Rad8 19. Qe2 b5 20. Rfd1 Qe6
21. Nf2 Bc4 22. Qe1 f5 23. Qa5 Rc8 24. e4 f4 25. Rd2 Rc6 26. Qb4 Rfc8
0-1

[Event "Jubilee Tourney #1000"]
[Site "SchemingMind.com"]
[Date "2007.08.21"]
[Round "-"]
[White "GrischukFan"]
[Black "Michael788"]
[Result "1-0"]
[WhiteCountry "GER"]
[BlackCountry "SWE"]
[WhiteElo "2260"]
[WhiteRD "85"]
[BlackElo "2024"]
[BlackRD "85"]
[GameID "117340"]

1. e4 c5 2. Nf3 Nc6 3. d4 cxd4 4. Nxd4 e5 5. Nb5 d6 6. c4 Be7 7. N1c3 a6 8. Na3 f5 9. exf5 Bxf5 10. Bd3 Be6
11. O-O Nf6 12. Nc2 Rc8 13. Ne3 O-O 14. Ned5 Nd4 15. Be3 Nxd5 16. cxd5 Bd7 17. Bxd4 exd4 18. Ne2 Bf6 19. Qb3 Rf7 20. Nf4 g6
21. Ne6 Qa5 22. Rae1
1-0

[Event "Jubilee Tourney #1000"]
[Site "SchemingMind.com"]
[Date "2007.11.25"]
[Round "-"]
[White "GrischukFan"]
[Black "Orange Lion"]
[Result "1/2-1/2"]
[WhiteCountry "GER"]
[BlackCountry "NED"]
[WhiteElo "2337"]
[WhiteRD "83"]
[BlackElo "2226"]
[BlackRD "81"]
[GameID "129861"]

1. e4 e6 2. d4 c5 3. Nf3 cxd4 4. Nxd4 Nc6 5. Nc3 Nf6 6. Ndb5 d6 7. Bf4 e5 8. Bg5 a6 9. Na3 b5 10. Nd5 Be7
11. Bxf6 Bxf6 12. c3 O-O 13. Nc2 Bg5 14. a4 bxa4 15. Rxa4 a5 16. Bc4 Rb8 17. b3 Kh8 18. O-O f5 19. exf5 Bxf5 20. Nce3 Bg6
21. Qe2 Qd7 22. Ra2 Bf7 23. Rd1 Be6 24. Qd3 Qb7 25. Qe4 Bh6 26. h3 Qd7 27. Ng4 Bf5 28. Qe2 Bg5 29. Nde3 Bg6 30. Rad2 Be7
31. Nd5 Bh4 32. f3 Bg5 33. Ra2=
1/2-1/2

[Event "Jubilee Tourney #1000"]
[Site "SchemingMind.com"]
[Date "2007.11.25"]
[Round "-"]
[White "Orange Lion"]
[Black "GrischukFan"]
[Result "1/2-1/2"]
[WhiteCountry "NED"]
[BlackCountry "GER"]
[WhiteElo "2226"]
[WhiteRD "81"]
[BlackElo "2337"]
[BlackRD "83"]
[GameID "129869"]

1. Nf3 Nf6 2. c4 e6 3. d4 d5 4. Nc3 c6 5. Bg5 h6 6. Bxf6 Qxf6 7. e3 Nd7 8. Bd3 dxc4 9. Bxc4 g6 10. O-O Bg7
11. Qc2 O-O 12. Ne4 Qe7 13. Bb3 e5 14. Ng3 Kh8 15. Rad1 Re8 16. Rc1 exd4 17. exd4 Nf8 18. h4 Be6 19. h5 Rad8 20. Rfe1 g5
21. Rcd1 Bxb3 22. Qxb3 Ne6 23. Nf5 Qc7 24. Re4 Nf4 25. Rde1 Rxe4 26. Rxe4 Qd7 27. Nxh6 Bxh6 28. Ne5 Qd5 29. Rxf4 gxf4 30. Nxf7+ Kh7
31. Qd3+ Kg8 32. Nxh6+ Kh8 33. Qe2 Ra8 34. Qe5+ Qxe5=
1/2-1/2